Countries That Start With C - Statistics

General Stats
  • This quiz has been taken 63 times
  • The average score is 12 of 15
Answer Stats
Continent Country % Correct
North America Cuba
93%
North America Canada
91%
Asia China
91%
Europe Croatia
89%
Europe Cyprus
89%
Asia Cambodia
88%
South America Chile
88%
South America Colombia
88%
Europe Czechia
84%
Africa Chad
81%
Africa Central African Republic
75%
North America Costa Rica
75%
Africa Cameroon
72%
Africa Comoros
65%
Africa Cape Verde
61%
No matching quizzes found
Score Distribution
Percent of People with Each Score
Percentile by Number Answered
Your Score History
You have not taken this quiz